[Event "Tata Steel GCT Rapid 2019"]
[Site "Kolkata"]
[Date "2019.11.24"]
[Round "8.3"]
[White "Harikrishna, Pentala"]
[Black "Carlsen, Magnus"]
[Result "1/2-1/2"]
[WhiteElo "2731"]
[BlackElo "2870"]
[Annotator "TA"]
[PlyCount "149"]
[EventDate "2019.11.22"]
[EventType "tourn"]
[EventCountry "IND"]
[SourceTitle "playchess.com"]
[Source "ChessBase"]
[SourceQuality "1"]

{[%evp 13,149,20,11,9,9,9,15,18,26,0,20,23,36,38,77,56,58,61,61,19,0,0,26,0,0,0,0,0,0,-10,-7,-10,-13,-27,-28,-30,-22,-46,-43,-41,-43,-58,-56,-54,-53,-52,-49,-79,-78,-84,-91,-95,-95,-95,-95,-95,-95,-110,-97,-97,-97,-112,-112,-112,-112,-112,-75,-141,-145,-153,-154,-225,-224,-203,-206,-218,-230,-320,-225,-355,-353,-314,-314,-386,-271,-526,-435,-431,-441,-435,-385,-663,-533,-666,-594,-979,-408,-427,-408,-408,-408,-384,-368,-281,-46,-254,-54,-54,-41,-582,-602,-554,-576,-345,-18,-18,0,0,0,0,0,0,0,0,0,0,0,0,0,0,0,0,0,0,0,0,0,0]} 1. d4 Nf6 2. c4 c6 3. Nc3 d5 4. cxd5 cxd5 5. Bf4 Nc6 6. e3 Bf5 7. Qb3 Na5 8. Qa4+ {D10: Slav Defence: 3 cxd5 (without early Nf3) and 3 Nc3} Bd7 9. Qc2 {next Nb5 is good for White.} e6 10. Bd3 Nc6 11. Qe2 Bb4 $146 ({Predecessor:} 11... Be7 12. h3 Nb4 13. Bb1 Ne4 14. Nf3 a6 {1-0 (35) Rychagov,A (2548)-Dreev,A (2649) Moscow 2018}) 12. Nf3 Nh5 13. Bg5 Qa5 14. O-O h6 15. Bh4 g5 16. Bg3 Nxg3 17. fxg3 g4 18. Nh4 Rg8 19. Rac1 f5 20. a3 Bxc3 $1 21. Rxc3 Ne7 22. Rfc1 Rc8 23. Qf2 Rxc3 24. Rxc3 Qb6 25. h3 h5 $1 26. Kh2 Qd6 27. Qf4 Qxf4 28. gxf4 Nc8 29. g3 Nd6 30. Ng2 Kd8 31. Ne1 Rg7 32. Kg2 Bb5 33. Bxb5 Nxb5 $17 {[%mdl 4096] Endgame KRN-KRN} 34. Rc2 Nd6 35. Nd3 Nc4 36. Re2 Rc7 37. hxg4 hxg4 38. Kf1 Ke7 39. Ke1 Nd6 40. Kd1 (40. Rh2 $142) 40... Ne4 41. Rg2 Kd6 42. Nf2 (42. Rh2 $17) 42... Rh7 $1 $19 43. Ke2 Kc6 44. Kd3 Kb5 45. b3 a5 46. Nxe4 (46. Kc2 {was worth a try.}) 46... dxe4+ {KR-KR} 47. Kc3 Kc6 48. a4 Rh1 49. b4 $2 (49. Rc2 {is a better defense.} Kd7 50. b4) 49... Re1 50. Rc2 {Black must now prevent Kd2+.} Kd6 51. Kd2 Rg1 52. bxa5 $2 (52. Rc4 Rg2+ 53. Ke1) 52... Rg2+ 53. Kd1 Rxg3 54. Rc3 Rf3 (54... Rg1+ $142 55. Ke2 Ra1) 55. Ke2 {intending Rb3.} g3 56. Rc8 Rf2+ 57. Ke1 {[#]} Ra2 $1 {[%cal Ra2a1]} 58. Kf1 Ra3 $2 (58... Rxa4 $19 59. Rd8+ Kc6 60. Rc8+ Kd6 61. Rd8+ Kc6 62. Rc8+ Kd6) 59. Rb8 $2 (59. Rd8+ $1 $15 Kc6 60. Rc8+ Kd5 61. Rc5+ Kd6 62. Rb5) 59... Rxe3 $2 ({Black should play} 59... Rxa4 $19 60. Rxb7 Rxa5) 60. Rxb7 $15 {Hoping for a6.} Ra3 {aiming for ...e3.} 61. Rb4 $2 {[%mdl 8192]} (61. Rb6+ $15 Ke7 62. a6 Rxa4 63. Kg2) 61... e3 62. Rb2 Kd5 63. Kg2 {[#]} Rxa4 $2 ({Not} 63... Kxd4 64. Kxg3 Rxa4 65. Kf3 $17) (63... Ke4 $1 $19 {[%cal Re4f4]} 64. Kxg3 Ra1) 64. Kxg3 $11 {The position is equal.} Ke4 65. Rb6 Ra1 66. Rxe6+ Kd3 67. a6 $1 e2 68. a7 $1 Rxa7 69. Kf2 Rh7 70. Re3+ $1 Kxd4 71. Rxe2 Rh2+ 72. Ke1 Rxe2+ 73. Kxe2 Ke4 74. Kf1 Kxf4 {( -> ...Kf3)} 75. Kf2 {Accuracy: White = 51%, Black = 66%.} 1/2-1/2

[Event "Tata Steel GCT Rapid 2019"]
[Site "Kolkata"]
[Date "2019.11.24"]
[Round "8.4"]
[White "So, Wesley"]
[Black "Nakamura, Hikaru"]
[Result "0-1"]
[WhiteElo "2760"]
[BlackElo "2741"]
[Annotator "TA"]
[PlyCount "121"]
[EventDate "2019.11.22"]
[EventType "tourn"]
[EventCountry "IND"]
[SourceTitle "playchess.com"]
[Source "ChessBase"]
[SourceQuality "1"]

{[%evp 13,121,18,19,5,9,4,7,-13,-24,-29,-22,-23,-23,-23,-27,-17,-25,-39,-43,-45,-6,-6,-4,-4,-5,-18,-21,-31,0,-11,-9,-13,-12,-19,-19,-27,-27,-27,-27,-27,-26,-26,-26,-27,-27,-40,-39,-40,-41,-50,-50,-76,-72,-89,-83,-76,-76,-86,-64,-64,0,-90,-85,-85,-84,-97,-97,-97,-95,-97,-83,-87,-68,-106,-78,-162,-160,-181,-62,-63,-23,-23,-23,-59,-32,-32,0,-59,-62,-164,-161,-187,-197,-300,-304,-467,-467,-465,-449,-467,-449,-1801,-1703,-1181,-1496,-997,-445,-6079,-4818,-29966]} 1. d4 Nf6 2. Nf3 d5 3. g3 c5 4. Bg2 cxd4 5. O-O Bd7 6. Nxd4 e5 7. Nb3 Be6 8. Bg5 {D02: 1 d4 d5 2 Nf3 sidelines, including 2...Nf6 3 g3 and 2...Nf6 3 Bf4} Nbd7 9. Nc3 {[%cal Rc3d5]} (9. e4 dxe4 10. Bxe4 Qc7 11. Bg2 Be7 12. Nc3 O-O 13. Re1 Rad8 14. Qe2 h6 15. Bxf6 Bxf6 {½-½ (107) Caruana,F (2802)-Nakamura,H (2786) chess.com INT 2017}) 9... Be7 10. Qd3 {The position is equal.} O-O 11. Rad1 {[%cal Rc3d5]} d4 12. Bxf6 Nxf6 13. Ne4 Qc7 14. Nxf6+ Bxf6 15. c3 $146 ({Predecessor:} 15. Be4 h6 {½-½ (38) Krush,I (2444)-Harika,D (2542) Baku 2016}) 15... dxc3 16. Qxc3 Qxc3 17. bxc3 Rac8 18. Bxb7 Rxc3 19. Bd5 Bh3 20. Bg2 Be6 21. Bd5 Bg4 22. Rc1 Rfc8 23. Rxc3 Rxc3 24. Rc1 Rxc1+ 25. Nxc1 $11 {[%mdl 4096] Endgame KBB-KBN} Be7 26. Nd3 Bd6 27. f3 Bd7 28. Kf2 Kf8 29. f4 exf4 30. gxf4 f6 31. e4 Bb5 32. Ke3 Bc7 33. h4 Bb6+ 34. Kd2 g6 35. e5 Ba5+ 36. Ke3 $1 Bb6+ 37. Kd2 fxe5 38. Nxe5 Bf2 39. Bc6 Bf1 40. Be4 Kg7 41. Nf3 Bc4 42. a4 Kf6 43. Ne5 {And now Ng4+ would win.} Be6 44. h5 (44. Nc6 $17) 44... gxh5 $19 45. Bxh7 {[#]} Bd5 ({Black should try} 45... Bb6 $1 $19 {Threatens to win with ...Bf5.} 46. Ke2 Bc7) 46. Kd3 $15 Be1 47. Be4 Bb3 48. Nd7+ Ke7 49. Ne5 Kf6 50. Nd7+ Kg7 51. f5 (51. Nc5 $15 Ba2 52. Ke2) 51... Bb4 $19 52. Bc6 h4 53. Ke4 (53. f6+ $142 Kf7 54. Ne5+ Kxf6 55. Nf3) 53... h3 54. Kf3 (54. Ne5 $142) 54... Bd6 {Black is clearly winning.} 55. a5 Bc4 56. Kf2 Kf7 57. Kf3 (57. Bf3 $142) 57... Ke7 58. f6+ Ke6 59. Kf2 Ba6 (59... Bd3 $142 60. Ke3 Bf1) 60. Ke3 (60. Nb6 $142 axb6 61. axb6) 60... Bc8 61. Nb6 {Accuracy: White = 37%, Black = 70%.} 0-1

[Event "Tata Steel GCT Rapid 2019"]
[Site "Kolkata"]
[Date "2019.11.24"]
[Round "8.5"]
[White "Nepomniachtchi, Ian"]
[Black "Aronian, Levon"]
[Result "1/2-1/2"]
[WhiteElo "2773"]
[BlackElo "2772"]
[Annotator "TA"]
[PlyCount "33"]
[EventDate "2019.11.22"]
[EventType "tourn"]
[EventCountry "IND"]
[SourceTitle "playchess.com"]
[Source "ChessBase"]
[SourceQuality "1"]

{[%evp 16,25,0,0,0,-13,-7,-6,-9,-90,-92,-100]} 1. c4 Nf6 2. g3 e6 3. Nf3 d5 4. d4 Be7 5. Bg2 O-O 6. Nc3 Nbd7 {[%cal Bb8d7,Bd7e5,Be5c4][%mdl 32]} 7. b3 dxc4 8. bxc4 c5 9. O-O cxd4 {E06: Closed Catalan: Early deviations} 10. Nxd4 Ne5 11. Rb1 Nxc4 12. Bxb7 (12. Qd3 $11 {remains equal.} Ne5 13. Qd2) 12... Bxb7 $17 13. Rxb7 {[#]} {Predecessor:} Bc5 $146 14. Ndb5 Na5 15. Rc7 Bb6 16. Qxd8 Rfxd8 17. Re7 {0-1 (43) Sjugirov,S (2662)-Shimanov,A (2587) St Petersburg 2019} 1/2-1/2

[Event "Tata Steel GCT Rapid 2019"]
[Site "Kolkata"]
[Date "2019.11.24"]
[Round "9.1"]
[White "Nakamura, Hikaru"]
[Black "Nepomniachtchi, Ian"]
[Result "1/2-1/2"]
[WhiteElo "2741"]
[BlackElo "2773"]
[Annotator "TA"]
[PlyCount "57"]
[EventDate "2019.11.22"]
[EventType "tourn"]
[EventCountry "IND"]
[SourceTitle "playchess.com"]
[Source "ChessBase"]
[SourceQuality "1"]

{[%evp 9,57,11,15,0,0,0,20,8,4,4,12,11,4,0,12,6,6,5,10,8,10,14,14,0,0,0,2,21,2,0,0,0,0,-30,-29,-27,-31,-25,-25,-52,-52,-48,-44,-50,-52,-40,-30,-56,-26,-21]} 1. e4 c5 2. Nf3 d6 3. Bb5+ Nd7 4. Ba4 $146 ({Predecessor:} 4. O-O a6 5. Bd3 Ngf6 6. Re1 e6 7. c3 b5 {½-½ (53) Bacrot,E (2692)-Huschenbeth,N (2548) Germany 2017}) 4... Ngf6 5. O-O e6 6. Re1 {B51: Sicilian: Moscow Variation (3 Bb5+) without 3...Bd7} a6 {[#] Strongly threatening ...b5.} 7. c3 b5 8. Bc2 {The position is equal.} c4 9. a4 Bb7 10. d4 cxd3 11. Qxd3 Nc5 12. Qe2 bxa4 13. Be3 Nfd7 14. Bd4 e5 15. Bxc5 Nxc5 16. Rxa4 Be7 17. Ra2 O-O 18. Nbd2 a5 19. Nb3 {White wants to play Nxc5.} Ba6 20. Qd1 Bc4 21. Nfd2 Be6 22. Ra1 Nd7 $36 {[%mdl 2048] White is under pressure.} 23. Nc1 Qb6 24. Bb3 Nc5 25. Bxe6 $1 fxe6 26. Nc4 Qb5 27. Qe2 a4 28. Na2 Rfc8 {[#] aiming for ...Nb3.} (28... Rac8 $5 {[%cal Rc5b3]} 29. Na3 Qxe2 30. Rxe2 Rf4 $15) 29. Na3 $1 {Accuracy: White = 67%, Black = 88%.} 1/2-1/2

[Event "Tata Steel GCT Rapid 2019"]
[Site "Kolkata"]
[Date "2019.11.24"]
[Round "9.2"]
[White "Aronian, Levon"]
[Black "Vidit, Santosh Gujrathi"]
[Result "1-0"]
[WhiteElo "2772"]
[BlackElo "2722"]
[Annotator "TA"]
[PlyCount "107"]
[EventDate "2019.11.22"]
[EventType "tourn"]
[EventCountry "IND"]
[SourceTitle "playchess.com"]
[Source "ChessBase"]
[SourceQuality "1"]

{[%evp 14,107,35,30,41,20,31,21,22,20,20,37,30,33,40,0,0,0,0,0,0,0,0,-13,0,-21,-12,-16,-15,-15,-14,-33,0,-27,9,3,4,5,5,7,8,0,0,0,0,0,53,0,97,102,147,137,161,147,155,151,287,289,285,266,243,223,369,345,1670,1633,1107,1216,1216,460,587,577,4133,593,12835,12835,12835,12836,12835,12836,12851,12851,12851,12851,12851,0,0,0,0,0,29982,29983,29985,29986,12851,29987]} 1. e4 e5 2. Nf3 Nc6 3. Bc4 Nf6 4. Ng5 d5 5. exd5 Na5 6. Bb5+ c6 7. dxc6 bxc6 8. Bd3 Nd5 {C58: Two Knights: 4 Ng5 d5 5 exd5 Na5 sidelines} 9. Nf3 (9. h4 {looks sharper.} Nf4 10. Bf1 h6 11. Nf3 Bd6 12. d3) 9... Bd6 10. O-O O-O {The position is equal.} (10... Nf4 11. Nc3 Nxd3 12. cxd3 O-O 13. b3 c5 14. Ba3 Nc6 15. Ne4 Nb4 16. Bxb4 cxb4 {½-½ (43) Aronian,L (2765)-Ding,L (2805) Saint Louis 2019}) 11. Re1 f5 {aiming for ...e4.} 12. Nxe5 Qf6 $1 13. Nf3 g5 $1 {[%cal Rg5g4] [#]} 14. c4 $146 ({Predecessor:} 14. g3 f4 15. Nc3 fxg3 16. hxg3 Nxc3 17. dxc3 {½-½ (52) Kovalev,V (2639)-Demchenko,A (2660) Riadh 2017}) 14... Nf4 $36 {[%mdl 2048] White is under pressure.} 15. Bf1 {Hoping for d4.} g4 16. d4 gxf3 17. Qxf3 Ne6 $1 {[%cal Re6d4]} 18. c5 Bc7 $1 19. b4 Qxd4 20. Qc3 $1 {[%cal Rc3d4]} Qxc3 21. Nxc3 Nb7 22. Bc4 Re8 23. Bb2 a5 24. b5 Nbxc5 25. Ba3 {[#]} Ne4 $1 26. Nxe4 fxe4 27. b6 Bxb6 {White must now prevent ...Ba6.} 28. Rxe4 Kf7 {And now ...Ba6 would win.} 29. Rae1 Ra7 (29... a4 $11) 30. Kh1 (30. g4 $1 $14) 30... a4 (30... Rd8 $11 {keeps the balance.}) 31. f4 $1 $16 {[%cal Rf4f5] Strongly threatening f5.} Ra5 {[#]} 32. g4 $1 Bc5 {[#]} 33. Bxc5 $1 Rxc5 34. f5 {[%mdl 64] Pin} h5 (34... Rxc4 $16 {was necessary.} 35. Rxc4 Ng7 36. Rxe8 Nxe8) 35. Bxe6+ $18 ({Weaker is} 35. fxe6+ Ke7 $16) 35... Bxe6 36. fxe6+ {[%mdl 4096] Endgame KRR-KRR} Ke7 37. Rxa4 h4 (37... hxg4 $142 38. Rxg4 Rh8 39. Rg7+ Ke8) 38. Rf4 Rc2 $2 (38... h3 39. Rf7+ Kd8) 39. Rf7+ Kd6 40. Rd7+ Kc5 41. Rh7 (41. g5 $142 Rxa2 42. e7) 41... Kd6 42. e7 Rd2 43. Rxh4 (43. g5 $142 c5 44. g6 Rxa2 45. Rf7) 43... Rxe7 {[%cal Re7e1]} 44. Rh6+ Kd7 45. Rxe7+ Kxe7 46. Rxc6 Rxa2 {KR-KR} 47. Rc3 Kf6 48. h4 Ke5 49. Rf3 $2 (49. Rc4 $18 Kf6 50. Kg1) 49... Ra4 $11 50. Rg3 {Kg2 is the strong threat.} Kf4 51. Rg2 Kf3 $2 {[%mdl 8192]} (51... Re4 $11) 52. h5 Kf4 53. g5 Kf5 54. g6 {Accuracy: White = 61%, Black = 45%.} 1-0

[Event "Tata Steel GCT Rapid 2019"]
[Site "Kolkata"]
[Date "2019.11.24"]
[Round "9.3"]
[White "Anand, Viswanathan"]
[Black "Harikrishna, Pentala"]
[Result "1/2-1/2"]
[WhiteElo "2757"]
[BlackElo "2731"]
[Annotator "TA"]
[PlyCount "134"]
[EventDate "2019.11.22"]
[EventType "tourn"]
[EventCountry "IND"]
[SourceTitle "playchess.com"]
[Source "ChessBase"]
[SourceQuality "1"]

{[%evp 17,134,28,37,4,56,37,40,36,38,21,85,68,70,67,157,156,177,118,120,114,171,195,220,195,195,153,161,162,164,151,162,156,161,96,170,172,170,182,170,156,173,160,180,176,200,156,167,163,187,186,192,198,199,180,184,178,195,214,207,168,165,100,95,60,31,37,64,64,52,28,82,70,68,76,72,68,61,50,60,43,50,50,50,50,115,123,127,43,43,43,29969,29972,29972,29973,29973,405,405,405,405,405,405,405,405,405,405,124,124,124,124,59,59,59,59,59,59,59,59,59,59]} 1. e4 c5 2. Nf3 e6 3. d4 cxd4 4. Nxd4 Nf6 5. Nc3 Nc6 6. Nxc6 bxc6 7. e5 Nd5 8. Ne4 Qc7 9. f4 Qb6 10. a3 {B45: Sicilian Four Knights} f5 (10... a5 $11) 11. exf6 $1 $14 Nxf6 12. Nxf6+ gxf6 13. Bd3 Bb7 (13... Bc5 $11 {remains equal.}) 14. Qh5+ $16 {[#]} Kd8 $146 ({Predecessor:} 14... Ke7 15. Bd2 Qxb2 16. Ke2 Qd4 17. Rab1 Bc8 18. c4 {½-½ (43) Cuijpers,F (2480)-Rogers,I (2570) Germany 2004}) 15. Bd2 $36 {[%mdl 2048] [#] Strongly threatening Ba5. White is more active.} c5 (15... Qxb2 $14 16. Ke2 Qd4) 16. O-O-O Kc7 17. Bc3 (17. Bc4 $18) 17... Be7 18. f5 Rae8 (18... e5 $16 {was worth a try.}) 19. fxe6 $18 d5 20. Rhe1 Kb8 21. Qh4 d4 22. Bd2 Bd5 23. Qf4+ Ka8 24. Be4 Qb7 25. Qf3 ({Better is} 25. g3 $18) 25... Rd8 (25... Bxe4 $16 {was called for.} 26. Rxe4 Bd6) 26. Bf4 Bxe4 27. Rxe4 Rd5 28. Qd3 Rc8 29. Qc4 Rdd8 30. Re2 Qd5 31. b3 Qf5 32. g3 Qd5 33. Qxd5+ Rxd5 34. c4 Rdd8 35. Kc2 Rc6 36. Rd3 h5 37. Rf3 Kb7 38. Bd2 Rdd6 39. Kd3 (39. Ref2 $18) 39... Ra6 $16 40. a4 Rdb6 41. Kc2 Rxe6 42. Rxe6 Rxe6 $14 {[%mdl 4096] Endgame KRB-KRB} 43. Rf5 Re2 (43... h4 $11 {keeps the balance.}) 44. Rxh5 $16 {Hoping for Kd3.} Bd6 45. Kd3 Rf2 46. Rh7+ Kc6 47. Rxa7 Rxh2 48. a5 Rh3 49. Ke4 Bxg3 50. Ra6+ Kb7 (50... Kd7 $14) 51. Rxf6 Bh2 52. Rh6 (52. Rf5 $16 Kc6 53. b4 Rh4+ 54. Kd3 Rh3+ 55. Kc2 cxb4 56. Bxb4) 52... Rxh6 $14 53. Bxh6 {Black must now prevent Bf8. KB-KB} Ka6 $2 {[%mdl 8192] [#]} (53... Bd6 $14) 54. Bf8 d3 55. Kxd3 Bg1 56. b4 (56. Bh6 $142 Kxa5 57. Bd2+ Kb6 58. Be3 Bh2 59. b4 Kc6 60. Bxc5 Bg3 61. Be3) 56... cxb4 $18 57. Bxb4 Kb7 58. Bc3 Bc5 59. Ke4 Ka6 60. Kd5 Ba3 61. Be5 $2 (61. Be1 $18 {and White stays clearly on top.} Be7 62. Bd2) 61... Kxa5 $16 62. Bd6 Bb2 63. Kc6 ({White should try} 63. c5 $16 {And now Be7 would win.} Kb5 64. Bc7) 63... Ka6 $14 {White is slightly better.} 64. Bc5 Bc3 65. Ba3 Bd4 66. Bb4 Be3 67. Bc5 Bd2 {Accuracy: White = 51%, Black = 48%.} 1/2-1/2

[Event "Tata Steel GCT Rapid 2019"]
[Site "Kolkata"]
[Date "2019.11.24"]
[Round "9.4"]
[White "Carlsen, Magnus"]
[Black "Ding, Liren"]
[Result "1-0"]
[WhiteElo "2870"]
[BlackElo "2801"]
[Annotator "TA"]
[PlyCount "113"]
[EventDate "2019.11.22"]
[EventType "tourn"]
[EventCountry "IND"]
[SourceTitle "playchess.com"]
[Source "ChessBase"]
[SourceQuality "1"]

{[%evp 26,118,22,20,43,39,34,40,41,35,31,30,33,12,40,19,18,22,28,8,29,22,25,37,38,19,19,20,41,40,41,26,26,25,20,27,26,27,36,12,37,30,39,44,54,6,14,12,7,14,48,51,56,67,118,115,110,84,143,143,249,90,248,236,249,250,245,235,227,227,355,326,561,556,552,552,398,391,391,391,383,349,2958,2227,4706,1000,2392,1024,1991,2349,2099,1763,1206,1164,1420]} 1. e4 e5 2. Nf3 Nc6 3. Bb5 a6 4. Ba4 Nf6 5. O-O Be7 6. Re1 b5 7. Bb3 O-O 8. c3 d5 9. exd5 Nxd5 10. Nxe5 Nxe5 11. Rxe5 c6 12. d3 Bd6 13. Re1 Bf5 14. Qf3 Qh4 {C89: Closed Ruy Lopez: Marshall Attack} 15. g3 Qh3 16. Be3 Bxd3 {White is slightly better.} 17. Bxd5 cxd5 18. Qxd5 {[%mdl 64] Double Attack} Rad8 $1 {aiming for ...Ba3!} 19. Qg2 {[#]} ({Wrong is} 19. Qxd3 $2 Bxg3 20. fxg3 Rxd3 $19) 19... Qc8 $146 (19... Qd7 {feels hotter.} 20. Bb6 Rb8 21. Bd4 b4 22. Nd2 Bb5) ({Predecessor:} 19... Qh5 20. Nd2 Bf5 21. Bd4 Be6 22. Qf3 Qg6 23. Qe4 Qh5 24. Qf3 Qg6 25. Qe4 Qh5 26. Qf3 {½-½ (26) Wang,H (2624)-Jakovenko,D (2735) Nizhnij Novgorod 2007}) 20. Nd2 Bf5 21. Bd4 Rfe8 22. f3 Bf8 (22... b4 {is interesting.} 23. Ne4 Bf8 24. Rac1 bxc3 25. Bxc3 Qa8) 23. a3 Re6 24. Rxe6 Qxe6 25. Qf2 Re8 26. Nf1 h5 27. Ne3 Bh3 28. Re1 Qc6 29. Ng2 Rxe1+ 30. Nxe1 Qg6 31. Qc2 Bf5 32. Qd2 Be6 33. Qd3 Bf5 34. Qe3 Be6 35. Bc5 Bxc5 36. Qxc5 Qb1 37. Qf2 Bd5 38. Kg2 a5 39. Qe2 $36 {[%mdl 2048] White fights for an advantage.} Qf5 (39... g6 $14) 40. Kf2 $16 Be6 41. Nc2 Qh3 ({Black should try} 41... h4) 42. Kg1 Bc4 {[#]} (42... Bb3 $16 {might work better.} 43. Qe8+ Kh7) 43. Qe8+ $1 $18 Kh7 {[%csl Gc4][%cal Rh3f1]} 44. Ne3 Qe6 45. Qxe6 Bxe6 {[%mdl 4096] Endgame KB-KN} 46. b4 axb4 47. axb4 ({Don't take} 47. cxb4 $6 Kg6 $16) 47... g5 (47... Kg6 $142 48. Kg2 Kf6) 48. h4 gxh4 $2 (48... Kg6 49. hxg5 Kxg5 50. f4+ Kf6) 49. gxh4 Kg6 50. Kf2 Kf6 51. Nf1 Ke5 {If Black can now play ...f5 this consolidates a bit.} 52. Ng3 f5 53. Nxh5 f4 $2 {[#]} (53... Bf7 54. Ng3 Be8) 54. Ng7 $1 {[%cal Rg7e6] White is clearly winning.} Bf7 55. h5 Kf6 56. h6 Kg6 {[#]} 57. Nf5 {Played: Ng7-h5} 1-0

[Event "Tata Steel GCT Rapid 2019"]
[Site "Kolkata"]
[Date "2019.11.24"]
[Round "9.5"]
[White "Giri, Anish"]
[Black "So, Wesley"]
[Result "1/2-1/2"]
[WhiteElo "2776"]
[BlackElo "2760"]
[Annotator "TA"]
[PlyCount "68"]
[EventDate "2019.11.22"]
[EventType "tourn"]
[EventCountry "IND"]
[SourceTitle "playchess.com"]
[Source "ChessBase"]
[SourceQuality "1"]

{[%evp 17,68,39,23,22,24,29,33,26,20,20,30,21,20,15,18,15,25,25,25,6,11,7,10,13,0,9,33,29,69,72,22,30,70,72,72,74,92,57,95,73,82,24,32,25,43,0,0,0,11,13,13,0,33]} 1. d4 Nf6 2. c4 e6 3. Nf3 d5 4. g3 dxc4 5. Bg2 Nc6 6. Qa4 Bb4+ 7. Bd2 Nd5 8. Bxb4 Ndxb4 9. O-O Rb8 10. Na3 {E04: Open Catalan: 5 Nf3} O-O 11. Qb5 b6 12. Qxc4 {White is slightly better.} Ba6 13. Nb5 Qe8 14. Rfc1 Nd5 {[#] Threatens to win with ...Na5.} 15. e4 (15. Qxc6 Qxc6 16. Rxc6 Bxb5 17. Rc2 Rfc8 {½-½ (33) So,W (2780)-Caruana,F (2822) Saint Louis 2018}) 15... Na5 16. Nxc7 Bxc4 17. Nxe8 Rfxe8 {[#]} 18. exd5 $146 Bxd5 19. Rc7 Rb7 20. Rac1 Rxc7 21. Rxc7 Nc6 22. Ne5 Nxe5 23. Bxd5 exd5 24. dxe5 $11 {[%mdl 4096] Endgame KR-KR} g5 25. Rxa7 Rxe5 26. Kf1 g4 27. Ra4 h5 28. Rb4 Re6 29. Rb5 (29. Rf4 $16) 29... Rd6 30. Ke2 Kg7 31. Kd3 Rf6 {The position is equal.} 32. Ke2 Re6+ 33. Kd2 Rf6 34. Ke2 Re6+ {Accuracy: White = 58%, Black = 54%.} 1/2-1/2